| 000 | 00402pam a2200157a 44500 | ||
|---|---|---|---|
| 008 | 230515b2011 xxu||||| |||| 00| 0 eng d | ||
| 020 | _a978-93-5025-122-5 | ||
| 041 | _aENGLISH | ||
| 082 | _a571.4 | ||
| 100 | _aSURESH K SHARMA | ||
| 245 | _aBIOPHYSICS IN NURSING | ||
| 250 | _a1 ST ED | ||
| 260 |
_a _bJAYPEE BROTHERS MEDICAL PUBLISHERS (P) LTD. _c2011 |
||
| 300 | _a218,PB | ||
| 650 | _aBIOPHYSICS | ||
| 999 |
_c506106 _d506106 |
||